000 00430cam a2200157ua 4500
041 _aeng
_h
082 _a828.09
_bMCF/IB
100 _aMcfarlane, James walter .
245 _aIbsen and the tenper of Norweigian literature /
_cJames walter Mcfarlane.
_hTextual Documents
250 _a1 /
_b.
260 _aLondon :
_bOxford University Press ,
_c1960.
300 _a208 ; .
504 _a
942 _cBK
999 _c8596
_d8596